1982 1282 1450 1181 1688 1619 1068 1670 1986 1720 1658 1966 1522 1813 1302 1162 1362 1407 1225 1961 1863 1601 1831 1796 1942 1729 1670 1079 1240 1763 1415 1826 1370 1590 1822 1509 1128 1615 1381 1775 1928 1923 1199 1790 1895 1982 1477 1087 1040 1442 1226 1547 1060 1314 1574 1764 1593 1098 1689 1231 1440 1893 1020 1765 1657 1923 1157 1238 1631 1660 1641 1706 1109 1025 1693 1381 1470 1050 1252 1551 1021 1792 1944 1398 1582 1780 1481 1456 1290 1388 1739 1116 1042 1700 1982 1203 1725 1183 1025 BCNSPRNW ULIB Ver.6.0+V

เปลี่ยนเป็นภาษาไทย

Change to English
 แสดงรายละเอียดบรรณานุกรม
  กลับหน้าหลัก

Brief Record : Get Marc (ISO 2709) : E-mail record : QR code < ปิดหน้าต่าง
LEADER : 00000nam 2200000uu 4500
001    13399127497
003     ULIB
008    200617s2562||||th 000 0 tha d
020    ู^a9786168244005
050  0 ^aกว^bก767ร
100    ^aเกรียงไกร หัวบุญศาล
245    ^aรวมบทกวีนิพนธ์ กระจ่างทั้งทิวาและราตรี
250    ^aพิมพ์ครั้งที่ 1
260    ^aกรุงเทพฯ :^bสื่อสารวิชาการ,^c2562
300    ^a128 หน้า;^b21 ซม.
650    ^aกวีนิพนธ์
945    ^p120^l0^i28403
999    ^aกัณชพร จุลอักษร
รายการนี้ยังไม่มีแท็ก
คุณยังไม่ได้ล็อกอิน คุณสามารถมีกิจกรรมร่วมกับเว็บไซต์ได้ แต่ต้องล็อกอินก่อน ::
  ล็อกอิน

รายการสื่อสารสนเทศ

ลำดับที่ ประเภท เลขเรียก/บาร์โค้ด สถานที่ สถานะ
1. นวนิยาย
นวนิยาย
กว ก767ร ฉ.1 
  Barcode: 28403
ห้องสมุดวิทยาเขตนครสวรรค์
►หนังสือทั่วไป:l:General Books
บนชั้น

รายการใกล้เคียง
    ชื่อเรื่อง [รวมบทกวีนิพนธ์ กระจ่างทั้งทิวาและราตรี]

    หัวเรื่อง [กวีนิพนธ์]

BibComment


ยังไม่เคยถูกคอมเมนท์

คอมเมนท์ทรัพยากรรายการนี้
  คอมเมนท์: รวมบทกวีนิพนธ์ ก..


 Copyright 2026. Bcnsprnw @Library